| 000 | 00491nam a2200181Ia 4500 | ||
|---|---|---|---|
| 003 | GCL | ||
| 008 | 140319s9999 xx 000 0 eng d | ||
| 020 | _a0966189922 | ||
| 040 |
_aGCL / _cGCL |
||
| 082 | 0 | 4 |
_a895.93 _bB M |
| 100 | 1 | _aBARRETT, DEAN | |
| 245 | 1 | 0 |
_aMEMORIES OF BANGKOK WARRIOR / _cBARRETT, DEAN |
| 260 |
_aنيويورك : _bVILLAGE EAST BOOKS ، _c1997 |
||
| 300 |
_a18 CM ؛ _c311 P |
||
| 650 | 0 | 4 | _aTHAILAND - LITERATURE |
| 650 | 0 | 4 | _aTHAILAND - FICTION |
| 942 |
_2ddc _cBK |
||
| 999 |
_c1867 _d1867 |
||